| 000 | 00418nam a22001577a 4500 | ||
|---|---|---|---|
| 020 | _a0201529297 | ||
| 040 | _cNUST | ||
| 082 |
_a515.15 _bTHO |
||
| 100 | _aGeorge B. Thomas, Jr. | ||
| 110 |
_aRoss L. Finney _982913 |
||
| 245 | _aCalculus and Analytic Geometry | ||
| 250 | _aEight Edition | ||
| 260 |
_aNew York: _bAddison Wesley Publishing, _c1992. |
||
| 650 | _2Calculus and Analytic Geometry | ||
| 942 |
_2ddc _cBK |
||
| 999 |
_c612023 _d612023 |
||